01563nam a2200337Ia 4500003000400000005001700004008004100021020003000062040001700092082002000109100002500129245011700154250006300271260003000334300003700364500001900401650003000420700001900450700002000469700001800489700002300507700002400530700002600554700002500580942000900605952015400614952015400768952015400922952013401076999001501210IIN20250505113224.0231217s2022 xx ad 001 0 eng d cRs.2795.00a9788131262917 aIINbEnglish a610.73677 bHAR1 aHarding, Mariann M. 1 aLewis's Medical-Surgical Nursing:bassessment and management of clinical problems/cMariann M. Harding...[et al] a4th South Asia edbAdapted Edited by- Chintamani...[et al] bElsevieraNew Delhic2022 axxv, 843-1681p. / V.2bcol. ill. aIncludes Index1 aMedical SurgicalvNursing1 aKwong, Jeffrey1 aRoberts, Dottie1 aHagler, Debra1 aReinisch, Courtney1 aChintamani, MS (ed)1 aGopichandran, L. (ed)1 aMrinalini, Mani (ed) cBOOK 00102ddc40708Purches Book(set price)aIINbIINcGENd2023-12-17g2795.00l0o610.73677 HARp1531r2023-12-17 21:32:40t1/ Vol.2w2023-12-17yBOOK 00102ddc40708Purches Book(set price)aIINbIINcGENd2023-12-17g2795.00l0o610.73677 HARp1532r2023-12-17 21:32:40t2/ Vol.2w2023-12-17yBOOK 00102ddc40708Purches Book(set price)aIINbIINcGENd2023-12-17g2795.00l0o610.73677 HARp1533r2023-12-17 21:32:40t3/ Vol.2w2023-12-17yBOOK 00102ddc40708PURSaIINbIINcGENd2025-03-11g2985.00l0o610.73677 HARp1983r2025-05-05 11:36:42t4/ v.2w2025-05-05yBOOK c1537d1537